Library Banner

Essentials of pathophysiology for pharmacy / (Record no. 124896)

MARC details
000 -LEADER
fixed length control field 00629cam a22002174a 4500
001 - CONTROL NUMBER
control field 12723454
005 - DATE AND TIME OF LATEST TRANSACTION
control field 20211213105525.0
008 - FIXED-LENGTH DATA ELEMENTS--GENERAL INFORMATION
fixed length control field 020329s2003 flua b 001 0 eng
020 ## - INTERNATIONAL STANDARD BOOK NUMBER
International Standard Book Number 1587160366
040 ## - CATALOGING SOURCE
Transcribing agency PK-LaUMT
082 00 - DEWEY DECIMAL CLASSIFICATION NUMBER
Classification number 616.07
Edition number 21
Item number ZDA-E
100 1# - MAIN ENTRY--PERSONAL NAME
Personal name Zdanowicz, Martin M.
245 10 - TITLE STATEMENT
Title Essentials of pathophysiology for pharmacy /
Statement of responsibility, etc by Martin M. Zdanowicz
260 ## - PUBLICATION, DISTRIBUTION, ETC. (IMPRINT)
Place of publication, distribution, etc Boca Raton :
Name of publisher, distributor, etc CRC Press,
Date of publication, distribution, etc 2003
300 ## - PHYSICAL DESCRIPTION
Extent 228 p. :
Other physical details ill. ;
Dimensions 24 cm.
650 #0 - SUBJECT ADDED ENTRY--TOPICAL TERM
Topical term or geographic name as entry element Physiology, Pathological.
650 12 - SUBJECT ADDED ENTRY--TOPICAL TERM
Topical term or geographic name as entry element Pathology
General subdivision methods.
650 12 - SUBJECT ADDED ENTRY--TOPICAL TERM
Topical term or geographic name as entry element Physiology
General subdivision methods.
650 22 - SUBJECT ADDED ENTRY--TOPICAL TERM
Topical term or geographic name as entry element Drug Therapy
General subdivision methods.
942 ## - ADDED ENTRY ELEMENTS (KOHA)
Koha item type Books
Holdings
Withdrawn status Lost status Damaged status Home library Current library Date acquired Full call number Barcode Date last seen Price effective from Koha item type Copy number
      UMT Health Sciences Campus UMT Health Sciences Campus 2021-12-13 616.07 ZDA-E 140130 2022-03-31 2021-12-13 Books  
      UMT Health Sciences Campus UMT Health Sciences Campus 2021-12-14 616.07 ZDA-E 140211 2026-02-11 2021-12-14 Books C.2